10 Countries Directly Before the Netherlands Alphabetically - Statistics

General Stats
  • This quiz has been taken 85 times
  • The average score is 5 of 10
Answer Stats
Answer % Correct
Namibia
75%
Nepal
65%
Nauru
57%
Montenegro
51%
Mozambique
51%
Morocco
50%
Myanmar
50%
Monaco
49%
Mongolia
47%
Moldova
44%
No matching quizzes found
Score Distribution
Percent of People with Each Score
Percentile by Number Answered
Your Score History
You have not taken this quiz